Statistics for Pacific Northwest Quiz

Click here to take the quiz!

General Stats

  • This quiz has been taken 58 times
  • The average score is 14 of 20

Answer Stats

QuestionAnswer% Correct
StatesWashington
96%
StatesIdaho
93%
StatesOregon
93%
Most populated citySeattle
93%
Second most populated cityPortland
91%
StatesCalifornia
87%
StatesMontana
87%
City in Washington that shares a name with a large city in British ColumbiaVancouver
87%
Major attraction in that citySpace Needle
78%
Global shoe brand with headquarters located in BeavertonNike
76%
River dividing Oregon and WashingtonColumbia River
74%
NFL team set in the areaSeattle Seahawks
74%
NBA team set in the areaPortland Trail Blazers
56%
Explorers who discovered the areaLewis & Clark
52%
Volcano that erupted in 1980Mt. St. Helens
50%
National park formed by a volcanic eruptionCrater lake
48%
College with a blue and orange football fieldBoise State
37%
Tallest mountain in that rangeMt. Rainier
30%
Biggest mountain rangeCascade Range
28%
City closest to that national parkKlamath Falls
28%

Score Distribution

Percentile by Number Answered

Percent of People with Each Score

Your Score History

You have not taken this quiz